| 000 | 00624cam a2200229 4500500 | ||
|---|---|---|---|
| 005 | 20260329005036.0 | ||
| 041 | _afre | ||
| 042 | _adc | ||
| 100 | 1 | 0 |
_aLarmagnac-Matheron, Octave _eauthor |
| 245 | 0 | 0 | _aJayus |
| 260 | _c2022. | ||
| 500 | _a29 | ||
| 690 | _aAltérité | ||
| 690 | _aHumour | ||
| 690 | _aIndonésie | ||
| 690 | _aLuc de Brabandere | ||
| 690 | _aPublic | ||
| 690 | _aRire | ||
| 690 | _aVictime | ||
| 786 | 0 | _nPhilosophie magazine | 158 | 4 | 2022-04-01 | p. 54-54 | 1951-1787 | |
| 856 | 4 | 1 | _uhttps://shs.cairn.info/magazine-philosophie-magazine-2022-4-page-54?lang=fr&redirect-ssocas=7080 |
| 999 |
_c1839727 _d1839727 |
||